| 000 | 00615ngm a22001815a 4500 | ||
|---|---|---|---|
| 082 |
_a624.152 _bHOR _cL-39, P-32. |
||
| 100 |
_aHorner P.C. _942638 |
||
| 245 | 0 | 0 | _aEarthworks. |
| 250 | _a2nd .ed. | ||
| 260 |
_aLondon : _c1988 |
||
| 300 |
_a1 videoreel of 1 : _c1 master |
||
| 500 | _aCopyright: RHI Entertainment, Inc. NM: compilation. DCR 1992; PUB 9Mar93; REG 30Aug93; PA618-011. | ||
| 500 | _aSources used: copyright data sheet and copyright data base. | ||
| 526 |
_a0 _b0 _c0 _d624_152000000000000_HOR |
||
| 650 |
_aMCE _9379 |
||
| 710 | 2 |
_aCopyright Collection (Library of Congress) _9985 |
|
| 942 |
_2ddc _cBK |
||
| 999 |
_c546490 _d546490 |
||